000 00601nab a2200181 4500
001 244442
003 OSt
005 20240111094630.0
007 tu
008 200917s2020|||||||
040 _aDE-2950
_cDE-2950
245 0 0 _aBölck gibt weiter Stoff
_bBühnenjubiläum. Im Interview kündigt der Kabarettist Lothar Bölck seinen Auftritt im Kleist Forum an und spricht über sein Reise-Buch/
_cKarin Sandow
264 _c2024
653 _aFrankfurt (Oder)
653 _aLothar Bölck
773 0 _g35. Jahrgang (2024) Nr. 9 vom 11.01.2024, S. 16, mit Foto
_tMärkische Oderzeitung
942 _2z
_cA
999 _c372925
_d372925